Spanish vocab week 22 - Statistics

General Stats
  • This quiz has been taken 9 times
  • The average score is 30 of 70
Answer Stats
Hint Answer % Correct
bilingual bilingüe
100%
to communicate comunicar
100%
to understand entender
100%
to express oneself expresarse
100%
to attend asistir
50%
learned/cultured/educated culto
50%
to not know/be unaware of desconocer
50%
to highlight/stand out destacar
50%
to dress up disfrazarse
50%
accent el acento
50%
supporter/fan el aficionado
50%
leap year el año bisiesto
50%
attendee el asistente
50%
defender el defensor
50%
parade/procession el desfile
50%
dialect el dialecto
50%
Basque el euskera
50%
Galician el gallego
50%
language el idioma
50%
vocabulary/lexis el léxico
50%
level el nivel
50%
patriot el patriota
50%
kingdom el reino
50%
translator el traductor
50%
Valencian el valenciano
50%
squalid escúalido
50%
unofficial extraoficial
50%
to celebrate festejar
50%
to promote fomentar
50%
Spanish speaker hispanoparlante
50%
hobby/passtime la afición
50%
antiquity la antigüedad
50%
hearing la audición
50%
belief la creencia
50%
cave la cueva
50%
deity/god la deidad
50%
survey la encuesta
50%
phrase/sentece la frase
50%
identity la identidad
50%
language la lengua
50%
mother tongue la lengua materna
50%
linguistics la lingüística
50%
word la palabra
50%
province la provincia
50%
root la raíz
50%
sign la seña
50%
syllable la silaba
50%
similarity la similtud
50%
unity la unidad
50%
multilingual plurilingüe
50%
to protect proteger
50%
to remember/recall recordar
50%
to go back to remontarse
50%
to translate traducir
50%
trilingual trilingüe
50%
to get used to acostumbrarse
0%
skilled/expert ducho
0%
event el acontecimiento
0%
noise el bullicio
0%
Catalan expression el calatanismo
0%
heir el heredero
0%
interpreter el intérprete
0%
Catalan dialect from Mallorca el mallorquín
0%
similarity el parecido
0%
mounted procession la cabalgata
0%
age-old ceremony la ceremonia ancestral
0%
envy la envidia
0%
season of the year la estación del año
0%
fluency la fluidez
0%
coming from procedente de
0%
No matching quizzes found
Score Distribution
Percent of People with Each Score
Percentile by Number Answered
Your Score History
You have not taken this quiz